অ্যামফিবিয়া, রেপটিলিয়া / (Record no. 84064)
[ view plain ]
| 000 -LEADER | |
|---|---|
| fixed length control field | 00749nam a2200229 a 4500 |
| 001 - CONTROL NUMBER | |
| control field | 84064 |
| 003 - CONTROL NUMBER IDENTIFIER | |
| rucl marc code | BD-RjUL |
| 005 - DATE AND TIME OF LATEST TRANSACTION | |
| control field | 20241002124134.0 |
| 008 - FIXED-LENGTH DATA ELEMENTS--GENERAL INFORMATION | |
| fixed length control field | 241002s1977 ii ||||| |||| 00| 0 ben d |
| 035 ## - SYSTEM CONTROL NUMBER | |
| System control number | (BD-RjUL)84064 |
| 040 ## - CATALOGING SOURCE | |
| Original cataloging agency | BD-RjUL |
| Language of cataloging | eng |
| Transcribing agency | BD-RjUL |
| 041 ## - LANGUAGE CODE | |
| Language code of text/sound track or separate title | ben |
| 082 ## - DEWEY DECIMAL CLASSIFICATION NUMBER | |
| Edition number | 23 |
| Classification number | 567.8 |
| Author mark and year | MIA 1977 |
| 100 ## - MAIN ENTRY--PERSONAL NAME | |
| Personal name | মিত্র, বিশ্বনাথ |
| 9 (RLIN) | 13670 |
| 245 ## - TITLE STATEMENT | |
| Title | অ্যামফিবিয়া, রেপটিলিয়া / |
| Statement of responsibility, etc. | বিশ্বনাথ মিত্র |
| 300 ## - PHYSICAL DESCRIPTION | |
| Pagination | ৩০৫ পৃ.: |
| Illustrations | চিত্রসমূহ; |
| Size | ২২ সেমি. |
| 650 ## - SUBJECT ADDED ENTRY--TOPICAL TERM | |
| Topical term or geographic name as entry element | উভচর |
| 9 (RLIN) | 13671 |
| Topical term or geographic name as entry element | Amphibians |
| 9 (RLIN) | 13672 |
| Topical term or geographic name as entry element | সরীসৃপ |
| 9 (RLIN) | 13673 |
| Topical term or geographic name as entry element | Reptiles |
| 9 (RLIN) | 13674 |
| 942 ## - ADDED ENTRY ELEMENTS (KOHA) | |
| Source of classification or shelving scheme | Dewey Decimal Classification |
| Koha item type | Books |
| Lost status | Source of classification or shelving scheme | Damaged status | Not for loan | Collection code | Permanent Location | Current Location | Shelving location | Date acquired | Source of acquisition | Cost, normal purchase price | Total Checkouts | Full call number | Date last seen | Copy number | Koha item type |
|---|---|---|---|---|---|---|---|---|---|---|---|---|---|---|---|
| Dewey Decimal Classification | Not For Loan | Non-fiction | Central Library, University of Rajshahi | Central Library, University of Rajshahi | Reading Room | 09/08/1982 | India Int. | 16.00 | B 567.8 MIA 1977 | 02/10/2024 | C-1 | Books |